| 000 | 01112nac a22002771u 4500 | ||
|---|---|---|---|
| 010 | _a 2003011267 | ||
| 020 | _a0072515848 (alk. paper) | ||
| 082 | 0 | 0 |
_a004.6 _bFOR |
| 090 |
_c6635 _d6635 |
||
| 100 | _aForouzan, Behrouz A. | ||
| 245 | 1 | 0 |
_aData communications and networking / _cBehrouz A. Forouzan with Sophia Chung Fegan. |
| 250 | _a3rd ed. | ||
| 260 |
_aDubuque, Iowa : _bMcGraw-Hill Higher Education,2004 _c2004. |
||
| 300 |
_axxxiv, 973 p. : _bill. ; _c24 cm. |
||
| 440 | 0 | _aMcGraw-Hill Forouzan networking series | |
| 500 | _aIncludes index. | ||
| 500 | _adistributer: Al-Ahram | ||
| 511 | _acatalogued by: wessam | ||
| 650 | 0 | _aData transmission systems. | |
| 650 | 0 | _aComputer networks. | |
| 700 | 1 | _aFegan, Sophia Chung. | |
| 856 | 4 | 2 |
_3Publisher description _uhttp://www.loc.gov/catdir/enhancements/fy0701/2003011267-d.html |
| 856 | 4 | 2 |
_3Table of contents only _uhttp://www.loc.gov/catdir/enhancements/fy0701/2003011267-t.html |
| 942 |
_cBB _k004.6FOR |
||
| 999 |
_c6635 _d6635 |
||